000 01111nam a22003377a 4500
003 CHAP
005 20220329135241.0
008 971013s1953 r 00010 d
010 _a33290
011 _a34262
035 _a38378
040 _cCHAP
082 _a382.04
_bE55Y
100 0 0 _aEllis, Howard S.
_936387
245 _aEnsayos sobre teoría del comercio internacional
260 _aMéxico, D.F. :
_bFondo de Cultura Económica,
_c1953
300 _a558 p.
504 _aBibliografía: p. 488-556
590 _aBATCH-UPD
_b10
_c20130110
_lUCH01
_h2236
590 _aBATCH-UPD
_b10
_c20130410
_lUCH01
_h1531
590 _aBATCH-UPD
_b10
_c20130914
_lUCH01
_h1017
590 _aCONVERSION
_b10
_c20130109
_lUCH01
_h1319
650 1 4 _aComercio internacional
_xEnsayos.
_925645
700 0 _aMetzler, Lloyd A.
_975260
700 0 _aUrquidi, Víctor L.
_9116979
901 _aBK
942 _cLIBRO
949 _a382.04 E55Y
_bBC
_cBPA
_d-87782
_eBPA
_i38378
_si
949 _a382.04 E55Y
_bBC
_cBPA
_d-87784
_eBPA
_fc.3
_h7132
_i38378
_si
949 _a382.04 E55Y
_bBC
_cLIBRO
_d33724000432464
_eLIBRO
_fc.2
_i38378
_si
999 _c33290
_d33290